Canarios y periquitos / (Record no. 123838)

MARC details
000 -LEADER
campo de control de longitud fija 00568nam a2200193 i 4500
001 - NÚMERO DE CONTROL
campo de control 123838
003 - IDENTIFICADOR DE NÚMERO DE CONTROL
campo de control ES-MaACL
005 - FECHA Y HORA DE LA ÚLTIMA TRANSACCIÓN
campo de control 20250830063101.0
007 - CAMPO FIJO DE DESCRIPCIÓN FÍSICA--INFORMACIÓN GENERAL
campo de control de longitud fija t|
008 - DATOS DE LONGITUD FIJA--INFORMACIÓN GENERAL
campo de control de longitud fija 070214s1971 sp r ||||1| spa d
100 1# - ENTRADA PRINCIPAL--NOMBRE DE PERSONA
Nombre de persona Costa Clavell, Xavier,
Fechas asociadas al nombre 1923-2006
9 (RLIN) 41089
245 10 - MENCIÓN DEL TÍTULO
Título Canarios y periquitos /
Mención de responsabilidad, etc. Félix Quirós de Rueda [seud.].
260 ## - PUBLICACIÓN, DISTRIBUCIÓN, ETC.
Lugar de publicación, distribución, etc. Barcelona :
Nombre del editor, distribuidor, etc. Rodegar,
Fecha de publicación, distribución, etc. 1971.
300 ## - DESCRIPCIÓN FÍSICA
Extensión 142 p. ;
Dimensiones 17 cm.
650 #4 - PUNTO DE ACCESO ADICIONAL DE MATERIA--TÉRMINO DE MATERIA
Término de materia o nombre geográfico como elemento de entrada Canarios (Aves)
9 (RLIN) 163789
650 #4 - PUNTO DE ACCESO ADICIONAL DE MATERIA--TÉRMINO DE MATERIA
Término de materia o nombre geográfico como elemento de entrada Periquitos.
9 (RLIN) 163790
852 ## - LOCALIZACIÓN
Ubicación ES-MaACL
Número de control de estantería C-42087
Sublocalización o colección R.77793
Holdings
Estatus retirado Estado de pérdida Estado de daño No para préstamo Biblioteca de origen Biblioteca actual Ubicación en estantería Fecha de adquisición Fuente de adquisición Total de préstamos Signatura topográfica completa Código de barras Visto por última vez Precio de reemplazo Tipo de ítem Koha
        Biblioteca del Ateneo de Madrid Biblioteca del Ateneo de Madrid Depósito 2 17/01/2008     C-42087 1129022 23/02/2023 23/02/2023 Libro impreso